Statystyki dla Quiz ślonskiej godki

Kliknij tutaj aby rozwiązać quiz!

Ogólne statystyki

  • Ten quiz został rozwiązany 415 razy
  • Średni wynik to 5 z 15

Statystyki odpowiedzi

ŚląskiePolskie% Poprawnych
gorzoławódka
97%
Fuzekleskarpety
49%
gryfnyładny
44%
szolkaszklanka
36%
bombonycukierki
35%
antryjprzedpokój
34%
klopsztangatrzepak
34%
nudelkulawałek
22%
HajerGórnik
21%
byfyjkredens
20%
gipsdekasufit
20%
kistaskrzynka
15%
Gynsipympekstokrotka
11%
lipstaUkochana
9%
szacukochany
5%

Rozkład punktacji

Percentyl według liczby udzielonych odpowiedzi

Procent ludzi z każdym wynikiem

Twoja historia wyników

Nie rozwiązałeś tego quizu